Loading...
| History - European | 0 | 5 | 0 | 0 | 50 | 32 | 50.60 | 0 | 2 | 24.30 | 21.83 |
| Science - Other | 0 | 3 | 0 | 0 | 30 | 61 | 77.67 | 0 | 0 | 7.47 | 16.12 |
| Geography | 0 | 2 | 0 | 0 | 20 | 64 | 64.50 | 0 | 2 | 14.05 | 28.79 |
| History - American | 0 | 2 | 0 | 1 | 20 | 51 | 80.00 | 0 | 1 | 4.88 | 6.47 |
| History - World | 0 | 3 | 2 | 0 | 20 | 72 | 81.33 | 0 | 0 | 6.69 | 9.08 |
| Literature - British | 0 | 2 | 0 | 0 | 20 | 58 | 59.00 | 0 | 0 | 8.92 | 10.33 |
| Current Events | 0 | 2 | 0 | 1 | 20 | 65 | 86.50 | 0 | 1 | 9.14 | 32.50 |
| Social Science | 0 | 2 | 1 | 1 | 15 | 97 | 100.50 | 0 | 0 | 1.57 | 4.26 |
| Religion | 0 | 1 | 0 | 1 | 10 | 99 | 99.00 | 0 | 0 | 0.00 | 0.76 |
| Science - Chemistry | 0 | 1 | 0 | 1 | 10 | 97 | 97.00 | 0 | 0 | 0.27 | 1.52 |
| Literature - World | 0 | 1 | 0 | 0 | 10 | 94 | 94.00 | 0 | 0 | 1.66 | 5.30 |
| Science - Physics | 0 | 1 | 0 | 0 | 10 | 66 | 66.00 | 0 | 0 | 3.54 | 4.13 |
| Literature - European | 0 | 1 | 0 | 0 | 10 | 63 | 63.00 | 0 | 1 | 4.11 | 7.58 |
| Science - Biology | 0 | 0 | 1 | 0 | -5 | 0.00 | 0 | 0 | 0.00 | 0.00 |